Library Logo

Pioneer International University Library Catalogue

The mountain of names : (Record no. 4730)

MARC details
000 -LEADER
fixed length control field 00535pam a2200181 a 4500
005 - DATE AND TIME OF LATEST TRANSACTION
control field 20250901165502.0
008 - FIXED-LENGTH DATA ELEMENTS--GENERAL INFORMATION
fixed length control field 850212s1985 nyu b 001 0 eng
010 ## - LIBRARY OF CONGRESS CONTROL NUMBER
LC control number 85002053
020 ## - INTERNATIONAL STANDARD BOOK NUMBER
International Standard Book Number 0671494406
050 00 - LIBRARY OF CONGRESS CALL NUMBER
Classification number GN 487 .S56 1985
Item number .S56 1985
082 00 - DEWEY DECIMAL CLASSIFICATION NUMBER
Classification number 306.8/5/09
Edition information 19
100 1# - MAIN ENTRY--PERSONAL NAME
Personal name Shoumatoff, Alex.
245 14 - TITLE STATEMENT
Title The mountain of names :
Remainder of title a history of the human family /
Statement of responsibility, etc. by Alex Shoumatoff.
260 ## - PUBLICATION, DISTRIBUTION, ETC.
Place of publication, distribution, etc. New York :
Name of publisher, distributor, etc. Simon and Schuster,
Date of publication, distribution, etc. c1985.
300 ## - PHYSICAL DESCRIPTION
Extent 318 p. ;
Dimensions 22 cm.
500 ## - GENERAL NOTE
General note Includes index.
942 ## - ADDED ENTRY ELEMENTS (KOHA)
Source of classification or shelving scheme Dewey Decimal Classification
Holdings
Withdrawn status Lost status Source of classification or shelving scheme Damaged status Not for loan Home library Current library Shelving location Date acquired Total checkouts Full call number Barcode Date last seen Price effective from Koha item type
    Library of Congress Classification     Main Library Main Library   05/12/2021   GN 487 .S56 1985 PIU0004391 05/12/2021 05/12/2021 Books